| 000 | 01093nam a2200277 a 4500 | ||
|---|---|---|---|
| 001 | BRCA_1067 | ||
| 005 | 20190320203250.0 | ||
| 008 | 190508s1999----mx-a---###---#000-0#eng-# | ||
| 020 | _a9685205000 | ||
| 040 |
_aSAV _cSAV _dOCLCQ |
||
| 041 | _aeng | ||
| 044 | _amx | ||
| 050 | 4 |
_aNA757.A6 _b.S23 1999 |
|
| 100 | 1 |
_aSada de González, Lydia _93099 |
|
| 245 | 1 | 0 |
_aThe Magic of the Baroque in México _cprologue Guillermo Tovar de Teresa ; texts Lydia Sada de González, Efraín Castro Morales ; editor Carlos González Manterola ; photography José Ignacio González Manterola. |
| 260 |
_aMéxico _bEspejo de Obsidiana : Grupo Financiero Bancomer _c1999 |
||
| 300 |
_a255 p. _bil. a color _c33 cm. |
||
| 504 | _aBibliografía : p. 253-255 | ||
| 610 | 2 | 4 |
_aCasa Grande de Apaseo (Apaseo el Grande, México) _93511 |
| 650 | 1 | 4 |
_aArquitectura barroca _zMéxico _923 |
| 650 | 1 | 4 |
_aArtes decorativas _xHistoria _ySiglo XVIII _zMéxico _93512 |
| 651 | 4 |
_aApaseo el Grande (México) _93513 |
|
| 700 | 1 |
_aCastro Morales, Efraín _93514 |
|
| 700 | 1 |
_aGonzález Manterola, Carlos _93515 |
|
| 942 |
_2lcc _cB |
||
| 999 |
_c946 _d946 |
||